Grassland simulation model (Record no. 27630)

MARC details
000 -LEADER
fixed length control field 00418nam a2200157Ia 4500
082 ## - DEWEY DECIMAL CLASSIFICATION NUMBER
Classification number 581.5
Item number ECO
245 #0 - TITLE STATEMENT
Title Grassland simulation model
260 ## - PUBLICATION, DISTRIBUTION, ETC. (IMPRINT)
Place of publication New York
Name of publisher Springer Verlag
Year of publication 1978
490 ## - SERIES STATEMENT
Series statement Ecological studies 26
650 ## - SUBJECT ADDED ENTRY--TOPICAL TERM
Topical Term Biomass
650 ## - SUBJECT ADDED ENTRY--TOPICAL TERM
Topical Term Grassland ecosystem
650 ## - SUBJECT ADDED ENTRY--TOPICAL TERM
Topical Term Grassland simulation model
700 ## - ADDED ENTRY--PERSONAL NAME
Personal name INNIS, George S
942 ## - ADDED ENTRY ELEMENTS (KOHA)
Koha item type Books
Holdings
Withdrawn status Lost status Damaged status Not for loan Home library Current library Date acquired Full call number Accession Number Koha item type
        RRII Library RRII Library 16/12/2021 581.5 ECO 08247 Books